000
00267 a2200097 4500
000
nam a22 7a 4500
020
_a
9781838933401
100
_a
Marrozzi, Justin
245
_a
The Arab conquests : the spread of Islam and the first caliphates
260
_b
Apollo,
_c
2021
999
_c
86093
_d
86093